Kde jsou limity focus groups?

Charakteristika focus groups - skupinových diskusií. Obľúbenosť skupinových diskusií. Kde je ich miesto. Riziko ich nadmerného využívania. Ako relevantne testovať.

Salvato in:
Dettagli Bibliografici
Autore principale: Převrátil, Martin
Natura: Capitolo di libro
Lingua:ceco
Soggetti:
Tags: Aggiungi Tag
Nessun Tag, puoi essere il primo ad aggiungerne!!

MARC

LEADER 00000naa a2200000 4500
001 0146027
005 20231019095708.3
041 0 |a cze 
044 |a CZ 
245 1 0 |a Kde jsou limity focus groups?  |c Martin Převrátil 
520 |a Charakteristika focus groups - skupinových diskusií. Obľúbenosť skupinových diskusií. Kde je ich miesto. Riziko ich nadmerného využívania. Ako relevantne testovať. 
610 2 0 |a marketing 
610 2 0 |a výskum 
610 2 0 |a prieskum 
610 2 0 |a diskusia 
610 2 0 |a spotrebitelia 
610 2 0 |a produkty 
610 2 0 |a testy 
100 1 |a Převrátil, Martin